Music Quiz

Random Music or Album Quiz

Cradle of Filth Albums Quiz Stats

Quiz not verified by Sporcle

Challenge
Share
Tweet
Embed
Score 0/11 Timer 05:00
0 Plays Today
Year Album Name % Correct
2000Midian
89.6%
2004Nymphetamine
88.1%
2006Thornography
83.7%
1998Cruelty and the Beast
79.3%
2008Godspeed on the Devil's Thunder
79.3%
1996Dusk... and Her Embrace
78.5%
2003Damnation and a Day
73.3%
1994The Principle of Evil Made Flesh
68.9%
1996Vempire or Dark Faerytales in Phallustein
65.9%
1999From the Cradle to Enslave
61.5%
2001Bitter Suites to Succubi
58.5%

You're not logged in!

Compare scores with friends on all Sporcle quizzes.
Join for Free
OR
Log In

You Might Also Like...

Show Comments

Extras

Created Dec 15, 2009ReportNominate
Tags:Album Quiz, cradle, filth

Top Quizzes Today


Score Distribution

Your Account Isn't Verified!

In order to create a playlist on Sporcle, you need to verify the email address you used during registration. Go to your Sporcle Settings to finish the process.

Report this User

Report this user for behavior that violates our Community Guidelines.

Details: